| Tag |
First Indicator |
Second Indicator |
Subfields |
| LEADER |
00000cam a2200000Ia 4500 |
| 001 |
in00002517618 |
| 005 |
20151111072156.0 |
| 008 |
090914s1661 gw a 000 0dger d |
| 035 |
|
|
|a (OCoLC)ocn436459699
|
| 035 |
|
|
|a (OCoLC)436459699
|
| 040 |
|
|
|a TXA
|c TXA
|d UtOrBLW
|
| 043 |
|
|
|a e-gx---
|
| 049 |
|
|
|a TXAM
|
| 090 |
|
|
|a CR1838.A93
|b M34 1661
|
| 100 |
1 |
|
|a Mair, Paulus Hector,
|d 1517-1579.
|
| 245 |
1 |
0 |
|a Geschlechter-Buch :
|b darinn der löblichen Kayserlichen Reichs Statt Augspurg so vor fünffhundert und mehr Jahren hero, daselbst gewohnet, und biss auff acht abgestorben : auch deren so an der Abgestorbnen statt eingenommen und erhöhet worden seyn : dessgleichen mit was Personen die Röm. Kay. May. [et]c. am dritten Augusti im M.D.XLVIIII. Jahre ein neu Regiment von Rath und Gericht auch alle Empter besetzt hat : sampt eines jeden Geschlechts Wapen, Zeichen, Schilt und Helm, auch Ankunfft und Herkommen : alles mit künstlichen Figuren angezeigt, und allen Kunstliebhabern jetzt von neuem widerumb an Tag gegeben.
|
| 246 |
3 |
|
|a Augsburger Geschlechterbuch
|
| 264 |
|
1 |
|a Franckfurt am Mayn :
|b In Verlegung Johann Wilhelm Ammons und Wilhelm Serlins,
|c 1661.
|
| 300 |
|
|
|a 162 pages :
|b chiefly illustrations ;
|c 31 cm.
|
| 336 |
|
|
|a text
|b txt
|2 rdacontent
|
| 337 |
|
|
|a unmediated
|b n
|2 rdamedia
|
| 338 |
|
|
|a volume
|b nc
|2 rdacarrier
|
| 500 |
|
|
|a Authorship attributed to Paulus Hector Mair; illustrations attributed to Christoph Weiditz.
|
| 650 |
|
0 |
|a Heraldry
|z Germany
|z Augsburg
|v Pictorial works.
|
| 650 |
|
0 |
|a Costume
|x History
|y Medieval, 500-1500.
|
| 650 |
|
0 |
|a Armor, Medieval.
|
| 650 |
|
0 |
|a Upper class
|z Germany
|z Augsburg
|v Early works to 1800.
|
| 651 |
|
0 |
|a Augsburg (Germany)
|v Biography.
|
| 700 |
1 |
|
|a Weiditz, Christoph,
|d approximately 1500-1559.
|
| 936 |
|
|
|a PR 46263666
|
| 948 |
|
|
|a cataloged
|b h
|c 2009/9/28
|d o
|e jmarner
|f 2:11:19 pm
|
| 994 |
|
|
|a C0
|b TXA
|
| 999 |
|
|
|a MARS
|
| 999 |
f |
f |
|s 3ddc4e30-3976-3a32-96f0-7db99b05da59
|i 2f15e1d1-f9ff-3946-bc95-fa34bc702fdd
|t 0
|
| 952 |
f |
f |
|p noncirc
|a Texas A&M University
|b College Station
|c Cushing Memorial Library & Archives
|d Cushing: Ragan Military (Does not check out)
|t 0
|e CR1838.A93 M34 1661
|f Oversize
|h Library of Congress classification
|i unmediated -- volume
|
| 998 |
f |
f |
|a CR1838.A93 M34 1661
|t 0
|l Cushing: Ragan Military (Does not check out)
|